Arms of the world, 1911 : the fabulous ALFA catalogue of arms and the outdoors /

Bibliographic Details
Corporate Author: Adolf Frank Export Gesellschaft
Other Authors: Schroeder, Joseph J.
Format: Book
Language:English
Published: Northfield, Ill. : Digest Books, [1972]
Subjects:

MARC

Tag First Indicator Second Indicator Subfields
LEADER 00000cam a2200000 a 4500
001 in00000025872
005 20151007054514.0
008 880630r19721911ilua c 00100 eng d
010 |z 70186803  
020 |z 0695803336 (pbk.) :  |c $20.00 
035 |a (OCoLC)18157794 
035 |9 AAB5259AM 
040 |a PNX  |c PNX  |d TXA  |d UtOrBLW 
049 |a TXAM  |c [A09869505] 
050 4 |a TS534.7  |b .A33 1972b 
110 2 |a Adolf Frank Export Gesellschaft. 
245 1 0 |a Arms of the world, 1911 :  |b the fabulous ALFA catalogue of arms and the outdoors /  |c edited by Joseph J. Schroeder, Jr. 
264 1 |a Northfield, Ill. :  |b Digest Books,  |c [1972] 
264 4 |c ©1972 
300 |a xviii, 701 pages :  |b illustrations ;  |c 28 cm. 
336 |a text  |b txt  |2 rdacontent 
337 |a unmediated  |b n  |2 rdamedia 
338 |a volume  |b nc  |2 rdacarrier 
500 |a English, French, German, and Spanish. 
500 |a Reprint of the 1911 edition published under title: Alfa 21. 
500 |a Includes indexes. 
650 0 |a Firearms  |v Catalogs. 
700 1 |a Schroeder, Joseph J. 
730 0 |a Alfa 21. 
999 |a MARS 
999 f f |s f434112f-09f5-3fda-ab4b-a32d9cc1dcc7  |i 9a16b18d-556e-36e6-a11d-7ca78e8e1b65  |t 0 
952 f f |p ric  |a Texas A&M University  |b Rellis Campus  |c Joint Library Facility  |d Remote Storage  |t 0  |e TS534.7 .A33 1972b  |h Library of Congress classification  |i unmediated -- volume  |m A14809869505 
998 f f |a TS534.7 .A33 1972b  |t 0  |l Remote Storage